Complete Java 2 certification : (Record no. 2002)
[ view plain ]
| 000 -LEADER | |
|---|---|
| fixed length control field | 01479nac a22003011u 4500 |
| 010 ## - LIBRARY OF CONGRESS CONTROL NUMBER | |
| LC control number | 2005920774 |
| 020 ## - INTERNATIONAL STANDARD BOOK NUMBER | |
| International Standard Book Number | 0782144195 (pbk.) |
| 035 ## - SYSTEM CONTROL NUMBER | |
| System control number | (OCoLC)ocm61331471 |
| 082 00 - DEWEY DECIMAL CLASSIFICATION NUMBER | |
| Classification number | 005.133 |
| Item number | H3675 |
| 090 ## - LOCALLY ASSIGNED LC-TYPE CALL NUMBER (OCLC); LOCAL CALL NUMBER (OCLC) | |
| -- | 2002 |
| -- | 2002 |
| 100 ## - MAIN ENTRY--PERSONAL NAME | |
| Personal name | Heller, Philip. |
| 245 10 - TITLE STATEMENT | |
| Title | Complete Java 2 certification : |
| Remainder of title | study guide / |
| Statement of responsibility, etc | Philip Heller, Simon Roberts. |
| 250 ## - EDITION STATEMENT | |
| Edition statement | 5th ed. |
| 260 ## - PUBLICATION, DISTRIBUTION, ETC. (IMPRINT) | |
| Place of publication, distribution, etc | Alameda, Calif. : |
| Name of publisher, distributor, etc | Sybex,2005 |
| Date of publication, distribution, etc | 2005. |
| 300 ## - PHYSICAL DESCRIPTION | |
| Extent | xxxii, 526 p. : |
| Other physical details | ill. ; |
| Dimensions | 23 cm. + |
| Accompanying material | 1 CD-ROM (4 3/4 in.) |
| 500 ## - GENERAL NOTE | |
| General note | Includes index. |
| 650 #0 - SUBJECT ADDED ENTRY--TOPICAL TERM | |
| Topical term or geographic name as entry element | Electronic data processing personnel |
| General subdivision | Certification. |
| 650 #0 - SUBJECT ADDED ENTRY--TOPICAL TERM | |
| Topical term or geographic name as entry element | Java (Computer program language) |
| 650 #0 - SUBJECT ADDED ENTRY--TOPICAL TERM | |
| Topical term or geographic name as entry element | Programming languages (Electronic computers) |
| General subdivision | Examinations |
| Form subdivision | Study guides. |
| 650 #0 - SUBJECT ADDED ENTRY--TOPICAL TERM | |
| Topical term or geographic name as entry element | Computer software |
| General subdivision | Examinations, questions, etc. |
| 700 1# - ADDED ENTRY--PERSONAL NAME | |
| Personal name | Roberts, Simon. |
| 856 42 - ELECTRONIC LOCATION AND ACCESS | |
| Materials specified | Contributor biographical information |
| Uniform Resource Identifier | <a href="http://www.loc.gov/catdir/enhancements/fy0628/2005920774-b.html">http://www.loc.gov/catdir/enhancements/fy0628/2005920774-b.html</a> |
| 856 42 - ELECTRONIC LOCATION AND ACCESS | |
| Materials specified | Publisher description |
| Uniform Resource Identifier | <a href="http://www.loc.gov/catdir/enhancements/fy0628/2005920774-d.html">http://www.loc.gov/catdir/enhancements/fy0628/2005920774-d.html</a> |
| 856 42 - ELECTRONIC LOCATION AND ACCESS | |
| Materials specified | Table of contents only |
| Uniform Resource Identifier | <a href="http://www.loc.gov/catdir/enhancements/fy0628/2005920774-t.html">http://www.loc.gov/catdir/enhancements/fy0628/2005920774-t.html</a> |
| 942 ## - ADDED ENTRY ELEMENTS (KOHA) | |
| Item type | Book - Borrowing |
| Call number prefix | 005.133H3675 |
| Withdrawn status | Item status | Damaged status | Not for loan | Home library | Current library | Shelving location | Date acquired | Source of acquisition | Total Checkouts | Full call number | Barcode | Date last seen | Cost, replacement price | Koha item type | Source of classification or shelving scheme | Vendor |
|---|---|---|---|---|---|---|---|---|---|---|---|---|---|---|---|---|
| Central Library | Central Library | Lower Floor | 07/02/2007 | Purchase | 2 | 005.133 HEL | 000002386 | 15/07/2025 | 208.00 | Book - Borrowing | ||||||
| Central Library | Central Library | Lower Floor | 07/07/2011 | 005.133 HEL | 000009795 | 24/08/2022 | CD | DVD - With book | Dewey Decimal Classification |